Pracovní stres a zdraví

Gespeichert in:
Bibliographische Detailangaben
1. Verfasser: Matoušek, Oldřich (Geistige / künstlerische Inhalte)
Format: Buch
Sprache:Tschechisch
Veröffentlicht: Praha : Výzkumný ústav bezpečnosti práce, 2003
Ausgabe:1. vyd
Schriftenreihe:Bezpečný podnik
Schlagworte:
Tags: Tag hinzufügen
Keine Tags, Fügen Sie das erste Tag hinzu!

MARC

LEADER 00000nam a22000003a 4500
001 stu116093
005 20150617225914.7
008 060410s2003----xr------------------cze-d
040 |a STU  |b slo 
041 0 |a cze 
044 |a xr 
080 |a 658 
080 |a 331.45 
100 1 |a Matoušek, Oldřich  |4 cre 
245 1 |a Pracovní stres a zdraví 
250 |a 1. vyd 
260 |a Praha :  |b Výzkumný ústav bezpečnosti práce,  |c 2003 
300 |a 20 s 
500 |a Vydané v spolupráci s 3M Česko 
650 7 |a BOZP  |2 stusub 
650 7 |a pracovný stres  |2 stusub 
830 0 |a Bezpečný podnik 
996 |b 284M072828  |c M*B-409  |l MMKN  |s A  |a 24  |w stu116093_0001